|
|
|
|
| LEADER |
00000cas a2200000 a 4500 |
| 001 |
vtls001389433 |
| 003 |
SK-MaSNL |
| 005 |
20260228160424.0 |
| 008 |
180126d19591990xo ar 0 0 0slo |
| 015 |
|
|
|a SNBA1989/03 (r. 1989)
|
| 022 |
|
|
|a 0139-6552
|
| 035 |
|
|
|a SNK000343693
|
| 040 |
|
|
|a SNK
|b slo
|c SNK
|e AACR2
|
| 044 |
|
|
|a xo
|c SK
|
| 072 |
|
7 |
|a 621
|x Strojárstvo
|2 konspekt
|
| 080 |
|
|
|a 621
|2 2011
|
| 080 |
|
|
|a 050
|2 2011
|
| 080 |
|
|
|a (058)
|2 2011
|
| 210 |
0 |
|
|a Stroj. roč.
|
| 222 |
|
0 |
|a Strojárska ročenka
|
| 245 |
0 |
0 |
|a Strojárska ročenka
|
| 260 |
|
|
|a Bratislava
|b Alfa
|c 1959-1990
|
| 260 |
3 |
|
|a 1964
|a Bratislava
|b SVTL
|a Praha
|b SNTL
|
| 300 |
|
|
|a zv.
|c cm
|
| 310 |
|
|
|a 1x ročne
|
| 362 |
0 |
|
|a 1959-1990
|
| 490 |
0 |
|
|a Edícia strojárskej literatúry
|
| 650 |
0 |
7 |
|a strojárstvo
|2 SNKPH
|9 674
|
| 655 |
|
7 |
|a ročenky
|2 SNKPH
|9 57146
|
| 830 |
|
0 |
|a Edícia strojárskej literatúry
|9 266612
|
| 910 |
|
|
|a snk
|
| 999 |
|
|
|c 2453
|d 4383
|
| 952 |
|
|
|0 0
|1 0
|4 0
|7 0
|a SNK
|b SNK
|d 1997-10-29
|l 0
|o snkČSD 206/1989 D1
|p 17A0105058
|r 2004-12-31 00:00:00
|w 2026-02-21
|y PREZ
|
| 952 |
|
|
|0 0
|1 0
|4 0
|7 0
|a SNK
|b SNK
|d 2001-05-18
|l 0
|o snkČSD 206/1967
|p 17A0241832
|r 2005-01-02 00:00:00
|w 2026-02-21
|y PREZ
|
| 952 |
|
|
|0 0
|1 0
|4 0
|7 0
|a SNK
|b SNK
|d 2001-05-18
|l 0
|o snkČSD 206/1973 D1
|p 17A0058903
|r 2005-01-02 00:00:00
|w 2026-02-21
|y PREZ
|
| 952 |
|
|
|0 0
|1 0
|4 0
|7 0
|a SNK
|b SNK
|d 2001-05-18
|l 0
|o snkČSD 206/1974 D1
|p 17A0058911
|r 2005-01-02 00:00:00
|w 2026-02-21
|y PREZ
|
| 952 |
|
|
|0 0
|1 0
|4 0
|7 0
|a SNK
|b SNK
|d 2001-05-18
|l 0
|o snkČSD 206/1978 D1
|p 17A0058912
|r 2005-01-02 00:00:00
|w 2026-02-21
|y PREZ
|
| 952 |
|
|
|0 0
|1 0
|4 0
|7 0
|8 1
|a SNK
|b SNK
|d 2001-05-18
|i snkD 671/2001
|l 0
|o snkČSD 206/1981
|p 17A0300345
|r 2005-01-02 00:00:00
|w 2026-02-21
|y PREZ
|
| 952 |
|
|
|0 0
|1 0
|4 0
|7 0
|8 1
|a SNK
|b SNK
|d 2001-05-18
|i snkD 672/2001
|l 0
|o snkČSD 206/1981 D1
|p 17A0300344
|r 2005-01-02 00:00:00
|w 2026-02-21
|y PREZ
|